000
00298nam a2200109Ia 4500
008
190919s9999||||xx |||||||||||||| ||und||
100
_a
Jinnah Rafi Foundation
245
0
_a
Chronicles of Jinnah Rafi Foundation 2017
260
_a
Lahore
_b
Jinnah Rafi Foundation
_c
2004
300
_a
860
942
_c
BK
999
_c
10642
_d
10642